00687nam a2200193 a 4500001001000000003000500010005001700015008004100032010001100073011001100084040000900095100002800104245011600132260005700248300001700305502010900322650003300431650002900464000111423CHAP20220329144210.0150409s2013 mx a |rm |0|||||spa d a107885 a108857 cCHAP1 aRubio Méndez, Gabriel10aEstudio para la conservación a largo plazo de Dioon Edule en San Luis Potosí /cpor Gabriel Rubio Méndez. aSan Luis Potosí, SLP. México :bEl autor,c2013. a70 h. :bil. aTesis (M. C. en Ciencias Ambientales) -- UASLP. Facultad de Ciencias Químicas, Ingeniería y Medicina14aDioon edulexConservación.14aDioon edulexInventario.